00256 a2200097 4500001001000000005001700010008004100027245002700068100002200095773004100117ART_4923620260410161631.0260409a 10aAjuste por inflación1 aZgaib, Alfredo O.0 tEnfoquesg- N°6 (jun. 2019)wREV416